|
|
|
|
| LEADER |
00000nam0a2200000 4500 |
| 001 |
346832 |
| 005 |
20231102005929.0 |
| 035 |
|
|
|a (RuTPU)RU\TPU\book\378717
|
| 090 |
|
|
|a 346832
|
| 100 |
|
|
|a 20211119d2021 k y0rusy50 ca
|
| 101 |
0 |
|
|a rus
|
| 102 |
|
|
|a RU
|
| 105 |
|
|
|a a dm 001zy
|
| 200 |
1 |
|
|a Влияние гидротермальных воздействий на эффективность извлечения углеводородов из высокоуглеродистых доманиковых пород
|e автореферат диссертации на соискание ученой степени кандидата химических наук
|e спец. 1.4.12
|f А. Н. Михайлова
|g Российская академия наук, Казанский научный центр, Институт органической и физической химии им. А. Е. Арбузова ; науч. рук. Г. П. Каюкова
|
| 210 |
|
|
|a Казань
|c [Б. и.]
|d 2021
|
| 215 |
|
|
|a 24 с.
|c ил.
|
| 300 |
|
|
|a Защита сост. 01.12.2021 г.
|
| 320 |
|
|
|a Библиогр.: с. 23-24 (12 назв.)
|
| 606 |
1 |
|
|a Нефтегазовая гидрогеология
|2 stltpush
|3 (RuTPU)RU\TPU\subj\68613
|9 83820
|
| 606 |
1 |
|
|a Доманиковые отложения
|2 stltpush
|3 (RuTPU)RU\TPU\subj\9889
|9 37044
|
| 610 |
1 |
|
|a углеводородное сырье
|
| 610 |
1 |
|
|a нетрадиционные источники
|
| 610 |
1 |
|
|a доманикоидные отложения
|
| 610 |
1 |
|
|a породы
|
| 610 |
1 |
|
|a литолого-фациальные типы
|
| 610 |
1 |
|
|a органическое вещество
|
| 610 |
1 |
|
|a состав
|
| 610 |
1 |
|
|a превращения
|
| 610 |
1 |
|
|a температурные влияния
|
| 610 |
1 |
|
|a температура
|
| 610 |
1 |
|
|a гидротермальные процессы
|
| 610 |
1 |
|
|a гидротермально-каталитические процессы
|
| 610 |
1 |
|
|a авторефераты диссертаций
|
| 675 |
|
|
|a 553.98:556.3(04)
|v 4
|
| 675 |
|
|
|a 551.734.5(04)
|v 4
|
| 686 |
|
|
|a 1.4.12
|2 oksvnk
|
| 700 |
|
1 |
|a Михайлова
|b А. Н.
|g Анастасия Николаевна
|
| 702 |
|
1 |
|a Каюкова
|b Г. П.
|g Галина Петровна
|4 727
|
| 712 |
0 |
2 |
|a Российская академия наук
|b Казанский научный центр
|b Институт органической и физической химии им. А. Е. Арбузова
|2 stltpush
|3 (RuTPU)RU\TPU\col\1969
|9 23633
|
| 801 |
|
1 |
|a RU
|b 63413507
|c 20211119
|
| 801 |
|
2 |
|a RU
|b 63413507
|c 20211220
|g RCR
|
| 942 |
|
|
|c BK
|